Vương triều Trần : 1226 - 1400

Khái quát lịch sử nhà Trần từ quá trình thành lập, phát triển ổn định, thịnh vượng và suy vong qua các đời Vua của Vương triều Trần - Quốc gia Đại Việt trong giai đoạn 1226-1400

Đã lưu trong:
Sonraí Bibleagrafaíochta
Príomhúdar: Vũ, Văn Quân
Formáid: Leabhar
Teanga:Undetermined
Foilsithe: Hà Nội Nxb. Hà Nội 2019
Ábhair:
Clibeanna: Cuir Clib Leis
Gan Chlibeanna, Bí ar an gcéad duine leis an taifead seo a chlibeáil!
Thư viện lưu trữ: Trung tâm Học liệu Trường Đại học Cần Thơ
LEADER 00854nam a2200217Ia 4500
001 CTU_239879
008 210402s9999 xx 000 0 und d
082 |a 959.7024 
082 |b Qu121 
100 |a Vũ, Văn Quân 
245 0 |a Vương triều Trần : 
245 0 |b 1226 - 1400 
245 0 |c Vũ Văn Quân (Chủ biên) 
260 |a Hà Nội 
260 |b Nxb. Hà Nội 
260 |c 2019 
520 |a Khái quát lịch sử nhà Trần từ quá trình thành lập, phát triển ổn định, thịnh vượng và suy vong qua các đời Vua của Vương triều Trần - Quốc gia Đại Việt trong giai đoạn 1226-1400 
650 |a Việt Nam,Vietnam 
650 |x Lịch sử,History 
910 |b nthai 
980 |a Trung tâm Học liệu Trường Đại học Cần Thơ